000 01181cab a2200205 4500
001 ##L132119
008 060111n2006 000 0 eng u
035 _a(Sirsi) u132119
041 0 _aeng
100 1 _aWoudman, Kevin
245 0 0 _aHow to stay out of court
260 _c2006
490 0 _aEstates Gazette
_v(0601) 7 January 2006, 91-92(2)
520 _aThe majority of dilapidations disputes are resolved between the parties without recourse to litigation. Considers the alternative means of dispute resolution which may offer distinct advantages over litigation where disputes cannot be resolved by agreement: arbitration, independent expert determination, mediation particularly in multi-party disputes and early expert evaluation. Concludes that no resolution process is universally appropriate for all disputes and flags up dispute resolution services such as offered by RICS.
590 _aIKA170106
650 2 4 _aARBITRATION ACT 1996
690 _aMANAGEMENT- DISPUTE AVOIDANCE, MANAGEMENT AND RESOLUTION-DISPUTE MANAGEMENT AND RESOLUTION-ALTERNATIVE DISPUTE RESOLUTION
690 _aPROPERTY-LEASEHOLD PROPERTY-LANDLORD AND TENANT-DILAPIDATIONS
942 _n0
999 _c76331
_d76331